Score 0/14 Timer 03:00
0 Plays Today
Song Title Missing Word % Correct
O Come, All ____ FaithfulYe
96.8%
Hark! The Herald Angels ____Sing
95.9%
Away in a ____Manger
95%
O Little ____ of BethlehemTown
94.2%
God ____ Ye Merry, GentlemenRest
91.2%
It Came Upon the ____ ClearMidnight
87.9%
Ding Dong! Merrily on ____High
82.4%
Song Title Missing Word % Correct
____ We Have Heard on HighAngels
81.9%
The Holly and the ____Ivy
80.8%
____ of the BellsCarol
72.8%
See Amid the Winter's ____Snow
71.5%
O come, O come, ____Emmanuel
67%
Once in ____ David’s CityRoyal
56.6%
Angels from the ____ of GloryRealms
44.2%

Today's Daily Dose

You're not logged in!

Compare scores with friends on all Sporcle quizzes.
OR
Log In

Sporcle TV

Today on Sporcle TV


Watch our educational content, quiz creation guides, and fun videos on Sporcle TV.

Show Comments

Extras

Top Quizzes Today


Score Distribution

Paid Content

Your Account Isn't Verified!

In order to create a playlist on Sporcle, you need to verify the email address you used during registration. Go to your Sporcle Settings to finish the process.

Report this User

Report this user for behavior that violates our Community Guidelines.

Details: